| 000 | 00434nam a2200205Ia 4500 | ||
|---|---|---|---|
| 001 | 14221 | ||
| 003 | GE_BSU | ||
| 008 | 181216s||||||||xx |||||||||||||| ||und|| | ||
| 040 | _cGE_BSU | ||
| 080 | _a641 | ||
| 100 | _aLo,Kenneth | ||
| 245 | _aCheap chow | ||
| 245 | _cIllustrated by Delia Delderfield | ||
| 260 | _aLondon | ||
| 260 | _bPan books | ||
| 260 | _c1976 | ||
| 300 | _a159p.20cm. | ||
| 653 | _aCheap chow | ||
| 942 | _cBK | ||
| 999 |
_c47360 _d47360 |
||